<?xml version="1.0" encoding="UTF-8"?>
<record
    xmlns:xsi="http://www.w3.org/2001/XMLSchema-instance"
    xsi:schemaLocation="http://www.loc.gov/MARC21/slim http://www.loc.gov/standards/marcxml/schema/MARC21slim.xsd"
    xmlns="http://www.loc.gov/MARC21/slim">

  <leader>02537cam a2200301Ii 4500</leader>
  <datafield tag="999" ind1=" " ind2=" ">
    <subfield code="c">9217</subfield>
    <subfield code="d">9217</subfield>
  </datafield>
  <controlfield tag="001">233549498</controlfield>
  <controlfield tag="003">OCoLC</controlfield>
  <controlfield tag="005">20241126110707.0</controlfield>
  <controlfield tag="008">080706r20092008nyu      b    001 0 eng d</controlfield>
  <datafield tag="020" ind1=" " ind2=" ">
    <subfield code="a">9781594483493 (pbk.)</subfield>
  </datafield>
  <datafield tag="022" ind1=" " ind2=" ">
    <subfield code="a">9780340979334</subfield>
  </datafield>
  <datafield tag="035" ind1=" " ind2=" ">
    <subfield code="a">(OCoLC)233549498</subfield>
  </datafield>
  <datafield tag="040" ind1=" " ind2=" ">
    <subfield code="a">BTCTA</subfield>
    <subfield code="b">eng</subfield>
    <subfield code="e">rda</subfield>
    <subfield code="c">BTCTA</subfield>
    <subfield code="d">BAKER</subfield>
    <subfield code="d">YDXCP</subfield>
    <subfield code="d">LD4</subfield>
    <subfield code="d">CTB</subfield>
    <subfield code="d">FIN</subfield>
  </datafield>
  <datafield tag="082" ind1="0" ind2="4">
    <subfield code="a">239</subfield>
    <subfield code="2">22</subfield>
    <subfield code="b">KEL</subfield>
  </datafield>
  <datafield tag="090" ind1=" " ind2=" ">
    <subfield code="a">BT1103</subfield>
    <subfield code="b">.K45 2009</subfield>
  </datafield>
  <datafield tag="100" ind1="1" ind2=" ">
    <subfield code="a">Keller, Timothy,</subfield>
    <subfield code="d">1950-</subfield>
    <subfield code="0">http://id.loc.gov/authorities/names/n88265848</subfield>
    <subfield code="9">15616</subfield>
  </datafield>
  <datafield tag="245" ind1="1" ind2="4">
    <subfield code="a">The reason for God :</subfield>
    <subfield code="b">belief in an age of skepticism /</subfield>
    <subfield code="c">Timothy Keller.</subfield>
  </datafield>
  <datafield tag="264" ind1=" " ind2="1">
    <subfield code="a">London :</subfield>
    <subfield code="b">Hodder &amp; Stoughton Ltd,</subfield>
    <subfield code="c">2017.</subfield>
  </datafield>
  <datafield tag="300" ind1=" " ind2=" ">
    <subfield code="a">xxvii, 292 pages ;</subfield>
    <subfield code="c">21 cm</subfield>
  </datafield>
  <datafield tag="336" ind1=" " ind2=" ">
    <subfield code="a">text</subfield>
    <subfield code="b">txt</subfield>
    <subfield code="2">rdacontent</subfield>
  </datafield>
  <datafield tag="337" ind1=" " ind2=" ">
    <subfield code="a">unmediated</subfield>
    <subfield code="b">n</subfield>
    <subfield code="2">rdamedia</subfield>
  </datafield>
  <datafield tag="338" ind1=" " ind2=" ">
    <subfield code="a">volume</subfield>
    <subfield code="b">nc</subfield>
    <subfield code="2">rdacarrier</subfield>
  </datafield>
  <datafield tag="505" ind1="0" ind2="0">
    <subfield code="g">The</subfield>
    <subfield code="t">leap of doubt --</subfield>
    <subfield code="t">There can't be just one true religion --</subfield>
    <subfield code="t">How could a good God allow suffering? --</subfield>
    <subfield code="t">Christianity is a strait jacket --</subfield>
    <subfield code="g">The</subfield>
    <subfield code="t">church is responsible for so much injustice --</subfield>
    <subfield code="t">How can a loving God send people to hell? --</subfield>
    <subfield code="t">Science has disproved Christianity --</subfield>
    <subfield code="t">You can't take the Bible literally --</subfield>
    <subfield code="t">Intermission --</subfield>
    <subfield code="g">The</subfield>
    <subfield code="t">reasons for faith --</subfield>
    <subfield code="g">The</subfield>
    <subfield code="t">clues of God --</subfield>
    <subfield code="g">The</subfield>
    <subfield code="t">knowledge of God --</subfield>
    <subfield code="g">The</subfield>
    <subfield code="t">problem of sin --</subfield>
    <subfield code="t">Religion and the Gospel --</subfield>
    <subfield code="g">The</subfield>
    <subfield code="t">(true) story of the cross --</subfield>
    <subfield code="g">The</subfield>
    <subfield code="t">reality of the Resurrection --</subfield>
    <subfield code="g">The</subfield>
    <subfield code="t">dance of God --</subfield>
    <subfield code="g">Epilogue : where do we go from here?</subfield>
  </datafield>
  <datafield tag="520" ind1=" " ind2=" ">
    <subfield code="a">Although a vocal minority continues to attack religious faith, for most Americans, faith is a large part of their lives: 86% of Americans refer to themselves as religious, and 75% of all Americans consider themselves Christians. So how should they respond to these passionate, learned, and persuasive books that promote science and secularism over religion and faith? For years, Tim Keller has compiled a list of the most frequently voiced "doubts" skeptics bring to his Manhattan church; here, he dismantles each of them. Written with atheists, agnostics, and skeptics in mind, Keller also provides an intelligent platform on which true believers can stand their ground when bombarded by the backlash. This book challenges such ideology at its core and points to the true path and purpose of Christianity.--From publisher description.</subfield>
  </datafield>
  <datafield tag="650" ind1=" " ind2="0">
    <subfield code="a">Apologetics.</subfield>
    <subfield code="0">http://id.loc.gov/authorities/subjects/sh85006028</subfield>
    <subfield code="9">85</subfield>
  </datafield>
  <datafield tag="776" ind1="0" ind2="8">
    <subfield code="i">Online version:</subfield>
    <subfield code="a">Keller, Timothy J., 1950-</subfield>
    <subfield code="t">Reason for God.</subfield>
    <subfield code="b">1st Riverhead trade pbk. ed.</subfield>
    <subfield code="d">New York : Riverhead Books, 2009</subfield>
    <subfield code="w">(OCoLC)624648234</subfield>
  </datafield>
  <datafield tag="942" ind1=" " ind2=" ">
    <subfield code="2">ddc</subfield>
    <subfield code="c">BK</subfield>
    <subfield code="0">24</subfield>
  </datafield>
  <datafield tag="952" ind1=" " ind2=" ">
    <subfield code="0">0</subfield>
    <subfield code="1">0</subfield>
    <subfield code="2">ddc</subfield>
    <subfield code="4">0</subfield>
    <subfield code="7">0</subfield>
    <subfield code="a">GBC</subfield>
    <subfield code="b">GBC</subfield>
    <subfield code="c">TH</subfield>
    <subfield code="d">2022-06-16</subfield>
    <subfield code="l">16</subfield>
    <subfield code="m">1</subfield>
    <subfield code="o">239 KEL</subfield>
    <subfield code="p">015649</subfield>
    <subfield code="r">2025-09-19 19:05:40</subfield>
    <subfield code="s">2025-09-19</subfield>
    <subfield code="t">c.1</subfield>
    <subfield code="w">2022-06-16</subfield>
    <subfield code="y">BK</subfield>
  </datafield>
  <datafield tag="952" ind1=" " ind2=" ">
    <subfield code="0">0</subfield>
    <subfield code="1">0</subfield>
    <subfield code="2">ddc</subfield>
    <subfield code="4">0</subfield>
    <subfield code="7">0</subfield>
    <subfield code="a">GBC</subfield>
    <subfield code="b">GBC</subfield>
    <subfield code="c">TH</subfield>
    <subfield code="d">2022-06-16</subfield>
    <subfield code="l">13</subfield>
    <subfield code="m">3</subfield>
    <subfield code="o">239 KEL</subfield>
    <subfield code="p">015650</subfield>
    <subfield code="r">2025-09-26 13:48:45</subfield>
    <subfield code="s">2025-09-23</subfield>
    <subfield code="t">c.2</subfield>
    <subfield code="w">2022-06-16</subfield>
    <subfield code="y">BK</subfield>
  </datafield>
</record>
